000 01150nam a22003137a 4500
001 000400
003 DO-SdBPM
005 20250827120544.0
007 ta
008 160718b1987 sp a ||||| |||| 00| 0 spa d
020 _a8420433012
040 _aDO-SdBPM
_bspa
_cBPMSU
_erda
082 4 _a833.91
_bH332a 1987
_222
100 1 _aHärtling, Peter,
_d1933-
_cautor
245 1 0 _aLa abuela :
_besta es la historia de Karli que perdió a sus padres y fue recogido por la abuela /
_cPeter Härtling ; traducción de Victor Canico ; illustraciones de Ingrid Mizsenko.
250 _a11ª ed.
264 _aMadrid :
_bEdiciones Alfaguara,
_c1987.
300 _a103 págianas :
_bilustraciones
_c19 cm.
336 _atexto
_btxt
_2rdacontent
337 _asin mediación
_bn
_2rdamedia
338 _avolumen
_bn
_2rdacarrier
490 0 _aJuvenil Alfaguara,
_v17
500 _aIncluye datos biográficos de la autor en la solapa de la contracubierta.
650 7 _2Cuentos juveniles alemanes
650 7 _2Amo
_vCuentos juveniles
700 1 _aMizsenko, Ingrid,
_eilustración
700 1 _aCanicio, Víctor,
_etraductor
942 _2ddc
_cBK
999 _c12387
_d12387